| 000 | 00415nam a22001577a 4500 | ||
|---|---|---|---|
| 020 | _a0596001193 | ||
| 082 |
_222 _a005.72 |
||
| 100 | _aSt. Laurent, Simaon ...[et al.]. | ||
| 245 | _aProgramming web services with XML-RPC / | ||
| 250 | _a1st. | ||
| 260 |
_aCalifornia, _bO'Reilly, _cc2001. |
||
| 300 |
_axvii, 213p. ; _bill. ; _c23 cm, |
||
| 700 | _aJohnston, Joe, | ||
| 700 | _aand Du,bill, Edd. | ||
| 942 |
_2ddc _cIT |
||
| 999 |
_c1974 _d1974 |
||